Loading...
| Science - Other | 0 | 10 | 0 | 0 | 100 | 15 | 41.30 | 8 | 9 | 55.66 | 83.84 |
| Science - Physics | 0 | 10 | 1 | 0 | 95 | 15 | 31.50 | 9 | 10 | 62.79 | 88.89 |
| Mythology | 0 | 9 | 0 | 1 | 90 | 24 | 59.56 | 3 | 5 | 39.97 | 57.58 |
| Science - Biology | 0 | 9 | 1 | 0 | 85 | 13 | 42.22 | 3 | 8 | 46.19 | 64.39 |
| Science - Chemistry | 0 | 8 | 3 | 0 | 65 | 7 | 35.25 | 6 | 8 | 47.17 | 67.68 |
| Literature - European | 0 | 6 | 1 | 2 | 55 | 73 | 95.00 | 2 | 3 | 9.56 | 35.35 |
| History - Other | 0 | 4 | 0 | 0 | 40 | 32 | 57.00 | 1 | 4 | 18.06 | 27.27 |
| Literature - American | 0 | 4 | 3 | 4 | 25 | 96 | 106.50 | 1 | 1 | 0.09 | 15.28 |
| History - World | 0 | 2 | 0 | 0 | 20 | 45 | 66.50 | 0 | 0 | 6.24 | 11.11 |
| Religion | 0 | 4 | 4 | 0 | 20 | 12 | 48.75 | 1 | 3 | 20.67 | 31.31 |
| Philosophy | 0 | 2 | 0 | 1 | 20 | 94 | 101.50 | 1 | 1 | 0.98 | 18.06 |
| Fine Arts - Classical Music | 0 | 2 | 1 | 0 | 15 | 73 | 88.50 | 0 | 2 | 4.02 | 15.15 |
| Literature - World | 0 | 2 | 1 | 0 | 15 | 84 | 87.00 | 0 | 1 | 4.19 | 13.13 |
| Literature - British | 0 | 2 | 2 | 0 | 10 | 94 | 100.50 | 0 | 1 | 1.66 | 13.76 |
| History - American | 0 | 1 | 0 | 0 | 10 | 81 | 81.00 | 1 | 1 | 2.57 | 9.09 |
| Geography | 0 | 1 | 0 | 1 | 10 | 109 | 109.00 | 0 | 0 | 0.00 | 8.89 |
| Fine Arts - Other | 0 | 2 | 2 | 0 | 10 | 63 | 77.00 | 0 | 1 | 4.85 | 8.21 |
| Social Science | 0 | 0 | 1 | 0 | -5 | 0.00 | 0 | 0 | 0.00 | 0.00 |